The secret of the unicorn / (Record no. 1263)

MARC details
000 -LEADER
fixed length control field 01192cam a22003013a 4500
005 - DATE AND TIME OF LATEST TRANSACTION
control field 20230815130804.0
020 ## - INTERNATIONAL STANDARD BOOK NUMBER
International Standard Book Number 0439221714
040 ## - CATALOGING SOURCE
Original cataloging agency NTG
Transcribing agency NTG
Modifying agency DLC
Language of cataloging eng
050 00 - LIBRARY OF CONGRESS CALL NUMBER
Classification number PZ7.R54425
082 ## - DEWEY DECIMAL CLASSIFICATION NUMBER
Classification number Fic
100 1# - MAIN ENTRY--PERSONAL NAME
Personal name Roberts, Rachel
245 14 - TITLE STATEMENT
Title The secret of the unicorn /
Statement of responsibility, etc. by Rachel Roberts.
260 ## - PUBLICATION, DISTRIBUTION, ETC.
Place of publication, distribution, etc. New York :
Name of publisher, distributor, etc. Red Sky Pub. ;
-- Scholastic,
Date of publication, distribution, etc. 2002.
300 ## - PHYSICAL DESCRIPTION
Extent 187 pages :
Dimensions 20 cm
Other physical details Illustrations
490 0# - SERIES STATEMENT
Series statement Avalon, web of magic ;
Volume/sequential designation Book 4
505 ## - FORMATTED CONTENTS NOTE
Formatted contents note P <br/>
520 ## - SUMMARY, ETC.
Summary, etc. Something has happened in the heart of Aldenmor. The Fairy Glen has vanished! New animal refugees are arriving in Ravenswood, including a mysterious and wild unicorn. The creature is frightened, confused, and wounded. Emily must face her greatest challenge to try and save the unicorn and learn its incredible secret.
521 ## - TARGET AUDIENCE NOTE
Target audience note 650 <br/>
Source Lexile <br/>
521 ## - TARGET AUDIENCE NOTE
Target audience note P <br/>
Source Raz-Plus <br/><br/>
650 #0 - SUBJECT ADDED ENTRY--TOPICAL TERM
Topical term or geographic name entry element Magic
Form subdivision Juvenile fiction.
650 #0 - SUBJECT ADDED ENTRY--TOPICAL TERM
Topical term or geographic name entry element Friends
Form subdivision Juvenile fiction.
655 #7 - INDEX TERM--GENRE/FORM
Genre/form data or focus term Children's stories.
Source of term lcsh
655 #7 - INDEX TERM--GENRE/FORM
Genre/form data or focus term Fantasy fiction.
Source of term gsafd
906 ## - LOCAL DATA ELEMENT F, LDF (RLIN)
a 7
b cbc
c copycat
d 2
e ncip
f 20
g y-genrareb
942 ## - ADDED ENTRY ELEMENTS (KOHA)
Source of classification or shelving scheme Dewey Decimal Classification
Koha item type Books
Suppress in OPAC No
999 ## -
-- 1263
-- 1263
Holdings
Withdrawn status Lost status Source of classification or shelving scheme Damaged status Not for loan Collection Home library Current library Shelving location Date acquired Total Checkouts Full call number Barcode Date last seen Price effective from Koha item type
    Dewey Decimal Classification     Fiction Footprints International School Library Network Toul Kork Campus Footprints International School Library Network Toul Kork Campus   08/09/2023   ROB Fic PZ7.R7650 FIS00777 08/09/2023 08/09/2023 Books